00762nam a2200241 a 450000100060000000300090000600800410001502000180005604000280007404100080010210000350011024500720014525000110021726000360022830000210026449000280028560000270031365000470034065000230038765000360041065000390044670000350048524404CO-ViMGA141112s2004 ck r 000 u spa d a9789583801723 aCO-ViMGAbspacCO-ViMGA aSPA1 aMagallanes, Alejandro, 1971 - 10aUn cuadrado, un círculo y un triángulo / cAlejandro Magallanes a1a ed. aColombia : bEl Naranjo, c2005 a34 p. : il. col. aPara los mas pequeños aILUSTRADORES MEXICANOS14aADIVINANZAS VISUALES - LIBROS DE IMAGENES 14aAUTORES MEXICANOS 14aGEOMETRIA - LIBROS DE IMAGENES 14aLEER ES MI CUENTO - COLECCION 20111 aMagallanes, Alejandro, 1971 -